000 00288nam a22001217a 4500
008 180226b xxu||||| |||| 00| 0 eng d
041 _aeng
080 _a516
100 _a58
101 _aSOC
245 _aTHE CAULDRIN ETHNICITY IN THE MODERN WORLD
_cNASH.M
942 _2udc
_cBK
999 _c43473
_d43473